000 00305nam a22001337a 4500
008 170927b xxu||||| |||| 00| 0 eng d
020 _a9781882982455
041 _aeng
080 _a37
100 _a46
101 _aEDU
245 _a A GUIDE TO FAKULTY DEVELOPMENT
_cHILSEN.L.R
942 _2udc
_cBK
999 _c30156
_d30156